Femminili singolari : il femminismo è nelle parole /

Sindaca, architetta, avvocata: c'è chi ritiene intollerabile una declinazione al femminile di alcune professioni. E dietro a queste reazioni c'è un mondo di parole, un mondo fatto di storia e di usi che riflette quel che pensiamo, come ci costruiamo. Attraverso le innumerevoli esperienze avute sui s...

وصف كامل

محفوظ في:
التفاصيل البيبلوغرافية
المؤلف الرئيسي: Gheno, Vera (مؤلف)
التنسيق: كتاب
اللغة:الإيطالية
منشور في: Firenze : Effequ, 2019
سلاسل:Saggi pop ; 48
الموضوعات:
الوسوم: إضافة وسم
لا توجد وسوم, كن أول من يضع وسما على هذه التسجيلة!

MARC

LEADER 00000nam a22000007i 4500
001 IT\ICCU\UBO\4433624
003 ItRI
005 20260115232207.0
008 200102s2019 it |||||| ||||| |||||c
020 |a 9788898837663 
040 |b ita  |c importazione bologna sebina 
041 7 |a ita  |2 ISO-639-2 
082 |a 305.42  |9 DONNE. RUOLO SOCIALE E CONDIZIONE  |2 23 
100 1 |a Gheno, Vera  |0 IT\ICCU\RAVV\379657  |4 aut 
240 1 0 |a Femminili singolari  |3 IT\ICCU\TO1\0028471  |9 Gheno, Vera 
245 1 0 |a Femminili singolari :  |b il femminismo è nelle parole /  |c Vera Gheno. 
260 |a Firenze :  |b Effequ,  |c 2019 
300 |a 227 p. ;  |c 19 cm 
520 |a Sindaca, architetta, avvocata: c'è chi ritiene intollerabile una declinazione al femminile di alcune professioni. E dietro a queste reazioni c'è un mondo di parole, un mondo fatto di storia e di usi che riflette quel che pensiamo, come ci costruiamo. Attraverso le innumerevoli esperienze avute sui social, personali e dell'Accademia della Crusca, l'autrice smonta, pezzo per pezzo, tutte le convinzioni linguistiche della comunità italiana, rintracciandone l'inclinazione irrimediabilmente maschilista. Questo libro mostra in che modo una rideterminazione del femminile si possa pensare a partire dalle sue parole e da un uso consapevole di esse, vero primo passo per una pratica femminista. Tutto con l'ironia che solo una social-linguista può avere. 
650 7 |a Femminismo 
830 0 |a Saggi pop ;  |v 48  |0 IT\ICCU\BVE\0490529 
942 |2 ddc  |c BK  |n 0 
952 |0 0  |1 0  |4 0  |6 DOC_305_420000000000000_GHE  |7 0  |9 21711  |a BO  |b BO  |d 2026-01-15  |i 19420  |l 0  |o DOC 305.420 GHE  |p BO19420  |r 2026-01-15 23:22:07  |w 2026-01-15  |x [Sebina 5] [1 v.]  |y BK  |z 1 v. 
999 |c 18546  |d 18546